000 00854nam a22003017a 4500
001 23634
003 AR-RoBPED
005 20250415183317.0
008 181126s2011 ag |||||||||||||| 0 spa|d
040 _aAR-RoBPED
041 _aspa
100 1 _923154
_aRosas, Adolfo Norberto
245 1 3 _aLa voz de la chaira /
_cAdolfo Norberto Rosas
250 _a1a. ed.
260 _aRosario :
_bÚltimo recurso,
_c2011.
300 _a120 p.
504 _aBibliografía: p. 116-118
650 4 _9125
_aHISTORIA
650 4 _aROSARIO
_9302
650 4 _93558
_aBARRIO SALADILLO
650 4 _913894
_aFRIGORIFICO SWIFT
650 4 _92015
_aSOCIEDAD
650 4 _910778
_aINDUSTRIA DE LA CARNE
650 4 _92207
_aSINDICATOS
650 4 _95622
_aCLASES SOCIALES
942 _2udc
_cBK
_h94(821.61)
_mR 84 v
999 _c23634
_d23634